ՀՀ Գիտությունների ազգային ակադեմիայի հիմնարար գիտական գրադարան  =   Fundamental Scientific Library of NAS RA

Սոխակ. (Record no. 341890)

MARC details
000 -LEADER
fixed length control field 00934nas a2200277 a 4500
003 - CONTROL NUMBER IDENTIFIER
control field AM-YeHGA
040 ## - CATALOGING SOURCE
Original cataloging agency AM-YeHGA
090 ## - LOCALLY ASSIGNED LC-TYPE CALL NUMBER (OCLC); LOCAL CALL NUMBER (RLIN)
-- 343681
001 - CONTROL NUMBER
control field 001046978
005 - DATE AND TIME OF LATEST TRANSACTION
control field 20250618074337.0
008 - FIXED-LENGTH DATA ELEMENTS--GENERAL INFORMATION
fixed length control field 141114c19129999|||mrzp 0 0arm d
041 0# - LANGUAGE CODE
Language code of text/sound track or separate title arm
222 #0 - KEY TITLE
Key title Սոխակ
245 00 - TITLE STATEMENT
Title Սոխակ.
260 ## - PUBLICATION, DISTRIBUTION, ETC.
Place of publication, distribution, etc. Կ. Պօլիս :
Name of publisher, distributor, etc. Տպ. Օսմանյան գործակցական ընկերության,
Date of publication, distribution, etc. 1912-.
300 ## - PHYSICAL DESCRIPTION
Extent համար.
310 ## - CURRENT PUBLICATION FREQUENCY
Current publication frequency Ամսեկան
362 0# - DATES OF PUBLICATION AND/OR SEQUENTIAL DESIGNATION
Dates of publication and/or sequential designation 1912-
650 04 - SUBJECT ADDED ENTRY--TOPICAL TERM
Topical term or geographic name entry element Ամսագիր
650 14 - SUBJECT ADDED ENTRY--TOPICAL TERM
Topical term or geographic name entry element Մանկավարժության հոգեբանություն
Form subdivision Պարբերականներ
650 14 - SUBJECT ADDED ENTRY--TOPICAL TERM
Topical term or geographic name entry element Բանասիրություն
Form subdivision Պարբերականներ
650 14 - SUBJECT ADDED ENTRY--TOPICAL TERM
Topical term or geographic name entry element Գրականություն
Form subdivision Պարբերականներ
9 (RLIN) 8507
650 14 - SUBJECT ADDED ENTRY--TOPICAL TERM
Topical term or geographic name entry element Գիտություն
Form subdivision Պարբերականներ
650 14 - SUBJECT ADDED ENTRY--TOPICAL TERM
Topical term or geographic name entry element Սփյուռքահայ գաղթօջախներ
942 ## - ADDED ENTRY ELEMENTS (KOHA)
Source of classification or shelving scheme Universal Decimal Classification
Koha item type Շարունակական պաշար / Continuing Resource
Holdings
Withdrawn status Lost status Source of classification or shelving scheme Damaged status Not for loan Collection Home library Current library Date acquired Serial enumeration / chronology Total checkouts Full call number Barcode Date last seen Price effective from Koha item type Public note
    Universal Decimal Classification     Pogharian Individual Collection Fundamental Scientific Library Fundamental Scientific Library 09/01/2017 1912, № 1-6   Պող/354 FL0313276 09/01/2017 09/01/2017 Շարունակական պաշար / Continuing Resource ILL Non-Circ.
    Universal Decimal Classification     Alpoiajian Individual Collection Fundamental Scientific Library Fundamental Scientific Library 03/07/2019 1912, № 1-5   Ալպ/3206-3209 FL0587459 03/07/2019 03/07/2019 Շարունակական պաշար / Continuing Resource ILL Non-Circ


ՀՀ ԳԱԱ հիմնարար գիտական գրադարան
ՀՀ,Երևան 0019
Մարշալ Բաղրամյան 24/6
հեռախոս:(374-10) 52-47-50
Հետադարձ կապ

All site content, except where otherwise noted, is licensed under a
Creative Commons License